Country Names in Arabic - Statistics

General Stats
  • This quiz has been taken 85 times
  • The average score is 11 of 12
Answer Stats
Question Answer % Correct
al-ʾImārāt al-ʿArabiyya l-Muttaḥida United Arab Emirates
100%
al-Qumur Comoros
97%
Miṣr Egypt
97%
al-Maghrabia Morocco
97%
ʻUmān Oman
97%
Filasṭīn Palestine
97%
aṣ-Ṣūmāl Somalia
97%
Lubnān Lebanon
94%
al-Mūrītānīyah Mauritania
94%
al-ʾUrdunn Jordan
91%
al-ʿArabīyah as-Suʿūdīyah Saudi Arabia
91%
al-Jazaira Algeria
84%
No matching quizzes found
Score Distribution
Percent of People with Each Score
Percentile by Number Answered
Your Score History
You have not taken this quiz